000 00710nam a22002412 4500
999 _c17740
_d17740
001 0000023883
003 OSt
005 20190622111615.0
008 130412s xx 000 0 eng d
020 _a0198823544 :
040 _aKABU
_cKABU
050 _aHD30.28
_b.H46 2018 c. 1
100 1 _aHenry, Anthony E.
245 1 0 _aUnderstanding strategic management /
_cAnthony E. Henry.
250 _aInternational ed.
260 _aOxford :
_bO. U. P.,
_c2018.
300 _axv, 287 p.
650 0 _aStrategic planning.
650 0 _aManagement
908 _a130412
942 _2lcc
_cBK
_hHD30.28
_i.H46 2018 c. 1